Statistiques concernant Paroles - suicide social - Orelsan - Part 3

Cliquez ici pour prendre le quiz!

Statistiques générales

  • Ce quiz a été pris 85 fois
    (82 depuis la dernière actualisation)
  • Le résultat moyen est 44 sur 48

Statistiques - réponses

Réponse% Correct
à
100%
au
98%
de
98%
de
98%
la
98%
la
98%
la
98%
dame
97%
du
97%
du
97%
pays
97%
première
97%
dernier
95%
les
95%
les
95%
les
95%
les
95%
les
95%
les
95%
les
95%
les
95%
les
95%
les
95%
les
95%
gens
92%
gens
92%
plus
92%
dans
90%
dans
90%
leur
90%
mérite
90%
passables
90%
grande
88%
hooligans
88%
médaille
88%
stades
88%
crapule
87%
respectables
87%
stables
87%
bouseux
85%
emplois
85%
étable
83%
génies
83%
sportifs
83%
citadins
82%
marginaux
82%
trav
77%
chômeurs
75%

Distribution des résultats

Percentile par nombre de réponses

% des personnes avec chaque résultat

Votre développement - résultats

Vous n’avez pas pris ce quiz depuis la dernière actualisation